000 00848nam a22002297a 4500
003 OSt
005 20180704094933.0
008 180305b xxu||||| |||| 00| 0 spa d
020 _a9502000536
040 _cPJ
100 _91312
_aBorzi Alba, María Angélica Teresa
245 1 0 _aInmunidades y privilegios de los funcionarios diplomáticos /
_cMaría Angélica Teresa Borzi Alba.
250 _a2a. ed.
260 _aBuenos Aires :
_bAbeledo-Perrot,
_c1982.
300 _a162 p.
_c23 cm.
504 _aBibliografía: p. 159-160.
505 _aContenido: Las inmunidades y los privilegios diplomáticos en la antigüedad greco latina y en la edad media --
650 0 _9331
_aDERECHO INTERNACIONAL PUBLICO
650 0 _9500
_aRELACIONES DIPLOMÁTICAS
650 0 _91313
_aINMUNIDADES DIPLOMATICAS
942 _2udc
_cLIB
_h341.73
_iBOR
999 _c932
_d932